000
00319nam a22001457a 4500
008
210322b ||||| |||| 00| 0 eng d
020
_a
9780495111641
041
_a
eng
080
_2
5th
_a
61
082
_a
61
100
_a
3
101
_a
SHM
245
_a
An Invitation to Health Brief
_c
Hales, D
942
_2
udc
_c
BK
999
_c
56663
_d
56663